Cestou křížovou

Rusko v r. 1992-1993. Národnostné problémy. Udalosti r. 1992. Rozpoltenosť Ruska - západná (európska) a slovansko pravoslávna (eurasijská) civilizácia. Prvá etapa budovania kapitalizmu v Rusku. Udalosti r. 1993. Šoky hospodárskej reformy. Jelcinova (ruská) ústava.

Na minha lista:
Detalhes bibliográficos
Autor principal: Šmejkal, Václav
Formato: Capítulo de Livro
Idioma:tcheco
Assuntos:
Tags: Adicionar Tag
Sem tags, seja o primeiro a adicionar uma tag!

MARC

LEADER 00000naa a2200000 4500
001 r014875
005 20230221120219.9
041 0 |a cze 
044 |a CZ 
245 1 0 |a Cestou křížovou  |c Václav Šmejkal 
520 |a Rusko v r. 1992-1993. Národnostné problémy. Udalosti r. 1992. Rozpoltenosť Ruska - západná (európska) a slovansko pravoslávna (eurasijská) civilizácia. Prvá etapa budovania kapitalizmu v Rusku. Udalosti r. 1993. Šoky hospodárskej reformy. Jelcinova (ruská) ústava. 
610 2 0 |a politika vnútorná 
610 2 0 |a vývoj hospodársky 
610 2 0 |a Rusko 
610 2 0 |a 1992-1993 
610 2 0 |a reformy hospodárske 
610 2 0 |a ústava 
100 1 |a Šmejkal, Václav